Laporan ekonomi 2003/2004.
| Corporate Author: | |
|---|---|
| Format: | Book |
| Published: |
Kuala Lumpur:
Kementerian Kewangan,
2003.
|
| Subjects: |
| LEADER | 00453cam a2200157 7i4500 | ||
|---|---|---|---|
| 001 | 0000013183 | ||
| 005 | 20041019090000.0 | ||
| 020 | 0 | 0 | |a 13944355 |
| 090 | 0 | 0 | |a M 330.9 |b KEM |
| 110 | 2 | 0 | |a Kementerian Kewangan Malaysia |
| 245 | 2 | 0 | |a Laporan ekonomi 2003/2004. |
| 260 | 0 | 0 | |a Kuala Lumpur: |b Kementerian Kewangan, |c 2003. |
| 300 | # | # | |a [v.p]. |
| 650 | 0 | 0 | |a Economic conditions -- |z Malaysia |
| 651 | 0 | 0 | |a Malaysia |
| 999 | |a B000015355 |b Book |c Book |e Business Information Centre | ||